000
00307nam a2200109Ia 4500
008
230320s9999||||xx |||||||||||||| ||spa||
082
_a
268/G27
100
_a
Gastaldi, Italo
245
0
_a
Educar Y Evangelizar En La Posmodernidad
260
_b
Asociación de Servicios Educativos Católicos
942
_8
0
_c
LIB
999
_c
46595
_d
46595